000 00457cam a22001934a 4500
005 20250605164305.0
008 250528s ||||||||||||||||||||||||d
035 _a22221
020 _a978113884695
040 _aGR-AtMCL
_bgre
_dGR-AtMCL
_eAACR2
245 1 _aDECONSTRUCTING DEVELOPMENTAL PSYCHOLOGY
250 _a3
260 _bRouledge,
_c2017
300 _a369
700 1 _aBurman Erica
_98097
942 _cBK
999 _c7277
_d7277